LEADER 01600nam a2200301 4500 001 000000348854 003 CaOOAMICUS 005 20211210105719.0 008 211210s2014 xxk 000 u eng r 020 $a978-0-567-66673-4 040 $aSeMil$bita 100 1 $aMcGinnis, Andrew M.$0(OLS)http://semarc/name/115192 245 14$aThe Son of God beyond the flesh :$ba historical and theological study of the extra Calvinisticum /$cAndrew M. McGinnis. 264 1$aLondon [etc.] :$bBloomsbury,$c2014. 300 $aXII, 213 p. ;$c24 cm 490 1 $aT&T Clark studies in systematic theology ;$v29 650 04$aCirillo : Alessandrino - Cristologia.$0(OLS)http://semarc/subject/51388 650 4$aGesł Cristo - Storia delle dottrine.$0(OLS)http://semarc/subject/1234 650 4$aUrsinus, Zacharias <1534-1583> - Cristologia.$0(OLS)http://semarc/subject/51387 650 4$aTommaso : d'Aquino - Cristologia.$0(OLS)http://semarc/subject/10801 650 4$aGesł Cristo - Incarnazione.$0(OLS)http://semarc/subject/1867 830 0$aT&T Clark studies in systematic theology ;$v29.$0(OLS)http://semarc/title/435772 850 $aSeMil 852 $aSeMil$W1$xVenegono$y1$m2B V 3$j230396$B239950$CSeMilBibl$Z2$F239950 $81 996 $6020$a978-0-567-66673-4$9(OLS)http://semarc/number/294847 996 $6245$aThe Son of God beyond the flesh :$ba historical and theological study of the extra Calvinisticum$9(OLS)http://semarc/title/438347 996 $6264$aLondon [etc.] :$bBloomsbury$9(OLS)http://semarc/publisher/57290 LEADER 01888nam a2200289 i 4500 001 000000011663 003 CaOOAMICUS 005 20200826155005.0 008 180830s1738 fr u000 u fre u 040 $aSeMil$bita 100 1 $aArgens, Jean-Baptiste : de Boyer .$0(OLS)http://semarc/name/3055 245 10$aLettres juives, ou Correspondance philosophique, historique & critique, entre un juif voyageur a Paris, & ses correspondans en divers endroits. Tome 1. [-7.]. 250 $aNouvelle edition 260 $aA Lausanne & ą Geneve :$bChez Marc-Michel Bousquet, & Compagnie,$c1738-1739. 300 $a7 v. ;$c8°. 500 $aNumeri romani nei titoli. - Per l'A. Jean Baptiste de Boyer, cfr. Barbier, Dict. des ouvr. anon., II, col. 1279. - Sui front. dei vol. 1-6 vignetta xilogr. (libro aperto, caducei, cornucopie, corona d'alloro). - Testatine, iniz. xilogr. - Legati insieme i vol. 1-2, 3-4, 5-6. 700 1 $aBousquet, Marc Michel & C.,$c.$0(OLS)http://semarc/name/5597 774 0 $tDepuis la 1., jusqu'a la 30.$g1$w()80616 774 0 $tDepuis la 31., jusqu'a la 60.$g2$w()225055 774 0 $tDepuis la 61., jusqu'a la 90.$g3$w()225056 774 0 $tDepuis la 91., jusqu'a la 120.$g4$w()225057 774 0 $tDepuis la 121., jusqu'a la 150.$g5$w()225058 774 0 $tDepuis la 150., jusqu'a la 180.$g6$w()225059 774 0 $tSupplement ou Tome septieme des Lettres juives, contenant les 20. nouvelles lettres mises dans la derniere edition de La Haye, & la table des matieres. ..$g7$w()225060 996 $6245$aLettres juives, ou Correspondance philosophique, historique & critique, entre un juif voyageur a Paris, & ses correspondans en divers endroits. Tome 1. [-7.]$9(OLS)http://semarc/title/15424 996 $6260$aA Lausanne & ą Geneve :$bChez Marc-Michel Bousquet, & Compagnie$9(OLS)http://semarc/publisher/33213 LEADER 01809nam a2200265 i 4500 001 000000193985 003 CaOOAMICUS 005 20101102000000.0 008 101102s1794 it u000 u ita u 013 $a172630 026 $aa.e, zeca r-po e-n- (C) 1794 (Q) 040 $aSeMil$bita 245 10$aVittorio Gaetano Baldassarre Maria per divina misericordia della S.R.C. prete cardinale Costa arcivescovo di Torino ... prelato ordinario, e giudice ecclesiastico della real cappella, e corte. 260 $a([Torino] :$bper gli Eredi Avondo impressori arcivescovili, e dell'illustrissima cittą),$c1794. 300 $a8 p. ;$c4°. 500 $aStemma dell'arcivescovo sul r. della prima c. - Data del documento : 25 gennaio 1794. - Incipit del documento : Avvicinandosi il tempo della Santa Quaresima ... 650 4$aTorino (Diocesi) - Lettere pastorali - Sec. 18.-19.$0(OLS)http://semarc/subject/3767 650 4$aCosta di Arignano, Vittorio Gaetano - Lettere pastorali.$0(OLS)http://semarc/subject/3768 700 1 $aCosta di Arignano, Vittorio Gaetano.$0(OLS)http://semarc/name/70512 700 1 $aAvondo, Giacomo Giuseppe eredi,$c.$0(OLS)http://semarc/name/7195 773 0 $aArcidiocesi di Torino$t[Lettere pastorali.$d[S.l. : s.n.], 1769-1804.$w()23908 850 $aSeMil 852 $aSeMil$W1$xVenegono$y1$m2F V 28/20 FA$j144559$B144559$CSeMilBibl$Z2$F155850 $8I 996 $6245$aVittorio Gaetano Baldassarre Maria per divina misericordia della S.R.C. prete cardinale Costa arcivescovo di Torino ... prelato ordinario, e giudice ecclesiastico della real cappella, e corte$9(OLS)http://semarc/title/279640 996 $6260$a([Torino] :$bper gli Eredi Avondo impressori arcivescovili, e dell'illustrissima cittą)$9(OLS)http://semarc/publisher/50527